Представление документа в формате RUSMARC

ПолеНазваниеЗначение
  Тип записи c
  Библиографический уровень m
001 Контрольный номер RU/УОНБ/EK_N/445702812
005 Дата корректировки 20251024131439.9
100 Данные общей обработки __
a Данные общей обработки 20140214d1982 c y0rusy0189||||ca
101 Язык документа 0_
a Язык текста rus
f Язык титульного листа rus
102 Страна публикации __
a Страна публикации RU
105 Кодированные данные (монография) __
a Кодированные данные (монография) y###||||000|y
200 Заглавие и сведения об ответственности 1_
a Заглавие Музыкальная грамота
b Общее обозначение материала [Ноты]
e Сведения, относящиеся к заглавию для детей
e Сведения, относящиеся к заглавию в 2-х кн.
f Первые сведения об ответственности А. Барабошкина и Н. Боголюбова
g Последующие сведения об ответственности под ред. А. Л. Островского
g Последующие сведения об ответственности худ. И. Чернов
210 Выходные данные 1_
a Место издания Ленинград
c Издательство Музыка
d Дата издания 1982-
215 Физическое описание __
d Формат 29 см
300 Общие примечания __
a Общие примечания [Краткие метод. указания для учителей авт.]
686 Индексы других классификаций __
a Классификационный индекс 85
2 Код системы rubbk
700 Автор _1
a Фамилия Барабошкина
b Имя (инициалы) А. В.
g Полное личное имя Антонина Васильевна
701 Альтернативная интеллектуальная ответственность _1
a Фамилия Боголюбова
b Имя (инициалы) Н. Х.
702 Вторичная интеллектуальная ответственность _1
a Фамилия Островский
b Имя (инициалы) А. Л.
4 Код отношения 340
702 Вторичная интеллектуальная ответственность _1
a Фамилия Чернов
b Имя (инициалы) И.
4 Код отношения 040
801 Источник записи _0
a Страна RU
b Организация Ульяновская ОНБ
c Дата составления 20140214
g Правила каталогизации RCR
801 Источник записи _1
a Страна RU
b Организация Ульяновская ОНБ
c Дата составления 20140214
g Правила каталогизации RCR
901 Тип документа __
t Тип документа v
909 Создатель записи __
a Создатель записи Лобина Л. И.
938 Служебная информация __
a Имя БД noti
b Имя библиотеки УОНБ
c Имя АИБС МАРК-SQL
d Номер DOC_ID в БД 12011